International expositions. Message from the President of the United States transmitting a report by the Secretary of State in answer to the resolution of the Senate of July 13, 1911, concerning invitations extended to the United States to participate in expositions in foreign countries and invitations extended by the United States to foreign countries to participate in expositions held in the United States.

Bibliographic Details
Corporate Authors: United States. Congress. Senate. Committee on Foreign Relations, ProQuest (Firm)
Format: eBook
Language:English
Published: Washington : [publisher not identified], 1912.
Series:United States congressional serial set.
Subjects:
Online Access:Connect to the full text of this electronic book

MARC

Tag First Indicator Second Indicator Subfields
LEADER 00000cam a22000001a 4500
001 in00003051683
005 20190402183545.0
006 m o d
007 cr un mmmapmmp
008 070626s1912 dcud o f000 0 eng d
035 |a cis2004139697 
040 |a UMI  |c UMI  |d UtOrBLW 
043 |a n-us--- 
099 |a ProQuest Serial Set Number 6179 S.doc.917 
110 1 |a United States.  |b Congress.  |b Senate.  |b Committee on Foreign Relations. 
245 1 0 |a International expositions. Message from the President of the United States transmitting a report by the Secretary of State in answer to the resolution of the Senate of July 13, 1911, concerning invitations extended to the United States to participate in expositions in foreign countries and invitations extended by the United States to foreign countries to participate in expositions held in the United States. 
246 1 |a Information relative to international expositions 
264 1 |a Washington :  |b [publisher not identified],  |c 1912. 
300 |a 1 online resource. 
336 |a text  |b txt  |2 rdacontent 
337 |a computer  |b c  |2 rdamedia 
338 |a online resource  |b cr  |2 rdacarrier 
490 0 |a S.doc.917 
500 |a Record is based on bibliographic data in ProQuest U.S. Serial Set Digital Collection (last viewed June 2007). Reuse except for individual research requires license from ProQuest, LLC. 
510 3 |a ProQuest U.S. Serial Set Digital Collection 
500 |a Electronic resource. 
650 0 |a Exhibitions. 
650 0 |a International cooperation. 
650 0 |a Science  |x International cooperation. 
655 7 |a Electronic books.  |2 local 
710 2 |a ProQuest (Firm) 
830 0 |a United States congressional serial set. 
856 4 0 |u http://proxy.library.tamu.edu/login?url=http://congressional.proquest.com/congcomp/getdoc?SERIAL-SET-ID=6179+S.doc.917  |z Connect to the full text of this electronic book  |t 0 
999 |a MARS 
999 f f |s 75cf2af4-2079-3b6e-93a3-47135d4b987e  |i c28c6dbb-d12a-352f-ae70-636ef185be9d  |t 0 
952 f f |a Texas A&M University  |b College Station  |c Electronic Resources  |d Available Online  |t 0  |e ProQuest Serial Set Number 6179 S.doc.917  |h Other scheme 
998 f f |a ProQuest Serial Set Number 6179 S.doc.917  |t 0  |l Available Online